| Tag |
First Indicator |
Second Indicator |
Subfields |
| LEADER |
00000nam a2200000Mi 4500 |
| 001 |
in00005507613 |
| 006 |
m o d |
| 007 |
cr || |||||||| |
| 008 |
240826t20242024gw fo d z000 0 eng d |
| 005 |
20241018184651.2 |
| 010 |
|
|
|a 2024937101
|
| 035 |
|
|
|a (OCoLC)on1453643431
|
| 040 |
|
|
|a DEGRU
|b eng
|e rda
|c DEGRU
|d OCLCO
|
| 020 |
|
|
|a 9783111447124
|
| 020 |
|
|
|a 311144712X
|
| 024 |
7 |
|
|a 10.1515/9783111447124
|2 doi
|
| 035 |
|
|
|a (OCoLC)1453643431
|
| 044 |
|
|
|a gw
|c DE
|
| 072 |
|
7 |
|a LAN011000
|2 bisacsh
|
| 049 |
|
|
|a TXAM
|
| 100 |
1 |
|
|a Eid, Ghattas,
|e author.
|4 aut
|4 http://id.loc.gov/vocabulary/relators/aut
|
| 245 |
1 |
4 |
|a The Phonology of Maaloula Aramaic /
|c Ghattas Eid.
|
| 264 |
|
1 |
|a Dsseldorf :
|b düsseldorf university press,
|c [2024]
|
| 264 |
|
4 |
|c 2024
|
| 300 |
|
|
|a 1 online resource (X, 249 pages)
|
| 336 |
|
|
|a text
|b txt
|2 rdacontent
|
| 337 |
|
|
|a computer
|b c
|2 rdamedia
|
| 338 |
|
|
|a online resource
|b cr
|2 rdacarrier
|
| 347 |
|
|
|a text file
|b PDF
|2 rda
|
| 505 |
0 |
0 |
|t Frontmatter --
|t Contents --
|t Acknowledgements --
|t Abbreviations and symbols --
|t List of figures --
|t List of tables --
|t List of maps --
|t 1 Introduction --
|t 2 Analytical framework --
|t 3 The Maaloula Aramaic Speech Corpus (MASC) --
|t 4 Phoneme inventory --
|t 5 The distribution of bilabial stops --
|t 6 Morpho-phonological alternations in feminine nouns --
|t 7 Local and long-distance assimilation --
|t 8 Syllable structure and syllabification --
|t 9 Gemination --
|t 10 Stress --
|t 11 Conclusion and outlook --
|t References --
|t Index
|
| 520 |
|
|
|a The book describes the sound system of Maaloula Aramaic, an under-researched and endangered Western Neo-Aramaic dialect. It provides solutions to previously unaddressed problems at the descriptive, methodological and theoretical levels. The analyzed language data come from the Maaloula Aramaic Speech Corpus (MASC) and from collaboration with native speakers. The book is intended for linguists who may or may not be familiar with Semitic languages.
|
| 520 |
|
|
|a The presented work gives a detailed account of the phonological and morpho-phonological processes in Maaloula Aramaic, an under-researched and endangered Neo-Aramaic variety. It provides solutions to previously unaddressed problems at the descriptive, methodological, and theoretical levels. At the descriptive level, this work revisits the content and presentation of the generalizations made in previous accounts. At the methodological level, it addresses the absence of quantitative research from the previous literature by launching the Maaloula Aramaic Speech Corpus (MASC), the first electronic speech corpus of this variety, and by conducting corpus-based studies which investigate and validate the previous generalizations. At the theoretical level, this book presents and discusses the quantitative results from the perspective of phonological theory. It formalizes synchronic phonological rules, shows how different phonological rules interact with each other, and makes cross-linguistic comparisons. The analyses and results are presented in a way accessible to linguists who may or may not be familiar with Semitic languages. Some of the discussions are relevant to controversial issues in phonological theory.
|
| 536 |
|
|
|a funded by Heinrich-Heine-Universität Düsseldorf
|
| 546 |
|
|
|a In English.
|
| 588 |
0 |
|
|a Description based on online resource; title from PDF title page (publisher's Web site, viewed 26. Aug 2024).
|
| 650 |
|
4 |
|a Aramäisch.
|
| 650 |
|
4 |
|a Linguistik.
|
| 650 |
|
4 |
|a Malūla.
|
| 650 |
|
4 |
|a Phonologie.
|
| 650 |
|
7 |
|a LANGUAGE ARTS & DISCIPLINES / Linguistics / Phonetics & Phonology.
|2 bisacsh
|
| 653 |
|
|
|a Aramaic language.
|
| 653 |
|
|
|a Maaloula.
|
| 653 |
|
|
|a lingustics.
|
| 653 |
|
|
|a phonology.
|
| 655 |
|
7 |
|a Electronic books.
|2 local
|
| 710 |
2 |
|
|a Heinrich-Heine-Universität Düsseldorf,
|e funder.
|4 fnd
|4 http://id.loc.gov/vocabulary/relators/fnd
|
| 776 |
0 |
|
|c EPUB
|z 9783111447223
|
| 776 |
0 |
|
|c print
|z 9783111447049
|
| 856 |
4 |
0 |
|u https://www.degruyter.com/openurl?genre=book&isbn=9783111447124
|z Connect to the full text of this electronic book
|t 0
|
| 955 |
|
|
|a De Gruyter Open Access ebooks
|
| 994 |
|
|
|a 92
|b TXA
|
| 999 |
f |
f |
|s 84bbb2ac-77cd-421c-982e-27728cec0d7b
|i c3a7fca6-6059-48ea-8a05-a732330ede69
|t 0
|
| 952 |
f |
f |
|a Texas A&M University
|b College Station
|c Electronic Resources
|d Available Online
|t 0
|h Library of Congress classification
|
| 998 |
f |
f |
|t 0
|l Available Online
|